000 00549nam a2200193Ia 4500
005 20250326145545.0
008 250326s9999 xx 000 0 und d
037 _aTextbook
040 _aFMSL
_beng
_cFMSL
041 _aeng
_2eng
084 _aX:891 P8
_qFMSL
100 _aVarma Jaynth Rama
_9751366
245 0 _aDerivatives and risk; Derivatives and risk management
_cVarma Jaynth Rama
260 _aNew Delhi
_bNew Delhi
_c2011
365 _b835
650 _aManagement
942 _cTB
_hX:891 P8
999 _c1307991
_d1307991